000 01057nam a2200181Ia 4500
008 151202s9999||||xx |||||||||||||| ||und||
082 _bPNVM-71703
100 _aकेळकर मोहन वासुदेव.
245 _a"नर्मदा परिक्रमा पथदर्शिका-5 परिशिष्टे,44 B/W फोटोंच्या 22 पानांसह."
260 _b"ग्रंथाली भारती,मेघमल्हार,नागपूर10."
260 _c7170
300 _a120
600 _aकेळकर मोहन वासुदेव.
630 _a"नर्मदा परिक्रमा पथदर्शिका-5 परिशिष्टे,44 B/W फोटोंच्या 22 पानांसह."
700 _aकेळकर मोहन वासुदेव.
730 _a"नर्मदा परिक्रमा पथदर्शिका-5 परिशिष्टे,44 B/W फोटोंच्या 22 पानांसह."
942 _cBOOK
999 _c1338375
_d1338372